000 00990nam a22003257a 4500
001 BR9702746
003 BR-BrBNA
005 20230928095340.0
007 ta
008 230509b bl.||||| |||| 00| 0 por d
040 _aBR-BrBNA
_bpor
_cBiblioteca Nacional de Agricultura
041 _a(Por)
072 _aL01
090 _ L01 BR9702746
100 1 _aM
110 1 _aSociedade Brasileira de Zootecnia, Rio de Janeiro, RJ (Brasil)
_99824
111 1 _a30. Reuniao Anual da Sociedade Brasileira de Zootecnia
_cRio de Janeiro, RJ (Brazil)
_d18-23 Jul 1993
245 1 _aAnais da 30. Reuniao Anual da Sociedade Brasileira de Zootecnia
260 3 _aRio de Janeiro, RJ (Brasil):
_c1993.
300 _a612 p.
650 _aProducao Animal
650 _aForragicultura
650 _aManejo
650 _aReproducao Animal
650 _aMelhoramento Genetico Animal
650 _aNutricao Animal
650 _aCarcaca
909 _a202309
_bLucia
_c55
_dLucia Elande
942 _cBK
999 _c56032
_d56032